000 00444nam a2200133Ia 4500
008 200909s9999 xx 000 0 und d
020 _a978-621-04-0126-4
100 _aRoldan, Albert Napoleon J.
245 _cAlbert Napoleon J. Roldan, Chloe P. Dellosa
_aA Course module for art appreciaton/
260 _aQuezon City:
_bREX Bookstore
_c2019
300 _avi, 180 pages
_c25 cm
650 _aArt -- study and teaching
650 _aArt criticism
999 _c364160
_d364160